000 01078cad a22001935a 4500
001 L152500
008 110318s2011 xxk f 000 0 eng d
035 _a(Sirsi) u152500
041 0 _aeng
110 2 _aEuropean Commission
_92292
245 0 0 _aEnergy efficiency plan 2011
_h[electronic resource]
260 _a[S.l.]
_bEC
_c2011
520 _aIdentifies sectors of the EU economy which would benefit from additional investment in order to achieve energy savings. Notes that the EU's has a 2020 target to achieve a 20% saving of its primary energy consumption compared to projections and the possibility that this goal may not be reached. The greatest energy saving potential lies in buildings and other infrastructure with other important areas including transport and power generation.
590 _aKA NTK
651 4 _aEurope
690 _aENVIRONMENTAL AND LAND CONSULTANCY-ENERGY-ENERGY USE-ENERGY EFFICIENCY
856 4 0 _uhttps://ec.europa.eu/clima/documentation/roadmap/docs/efficiency_plan_en.pdf
_zView the item free of charge at http://europa.eu
942 _n0
999 _c112076
_d112076